000 00380nam a2200133Ia 4500
008 220217s9999||||xx |||||||||||||| ||und||
020 _a81-259-0832-2
082 _a00 3 KAL
100 _aKalavathy S.
_91325
245 0 _aOperation research: an introduction
260 _aVikas publishing house pvt. ltd.
_bNew Delhi
_c2000
300 _b150
650 _aOPERATION RESEARCH
999 _c166219
_d166219